000 00644nam a2200217Ia 4500
003 OSt
005 20230603105603.0
008 210423s2011 xx 000 0 und d
020 _a978-81-316-0446-5
040 _cAL
041 _aeng
082 _a362.83 MADW
100 _aMADHAVI (G)
_9119162
245 _aWomens welfare programmes: a sociological study of Andhra Pradesh
260 _aJaipur
_bRawat Publications
_c2011
300 _a208
_bHB
365 _b575
_cINR
650 _aSocial Welfare Problems & Services
_9119163
906 _aAndhra ; Pradesh ; programmes: ; sociological ; study ; welfare ; Womens
942 _2ddc
_cBK
999 _c176521
_d176521